lokoboca 2024/2025 kulture G - Statistiques

Statistiques générales
  • Ce quiz a été pris 11 fois
    9 depuis la dernière actualisation
  • Le résultat moyen est 11 sur 15
Statistiques - réponses
Hint Réponse % Correct
légendaire latéral du Boca, nommé d'après un célèbre club dauphinois Mister GF
100%
nombre de maillots volés par Lyon 5
89%
central du boca aux penchants ma foi un peu autoritaire... Alexandre / Retailleau
89%
équipe vainqueure du derby Lyon - Grenoble boca
89%
second ministre de la propagande régulierement blessé et tarpin sanguin Elio
89%
surnom du kapitaine emblématique Hip-Hop
89%
couleur du kaleçon de Noah Boucle d'or rose
89%
equipe contre laquelle le beau nez d'Alex se brisa... GEM
78%
nationalité de notre 9 erasmus qui a mit beaucoup de temps avant de marquer italien
78%
1ère année adepte des tacles pieds décollés... rikelmens
78%
lieu ou se retrouve les joueurs avant l'entrainement pour manger et discuter café lit
67%
nom de la compétition sportive criée par Elio a un joueur de l'UGA, ce dernier utilisant un peu trop de gestes techniques Gambardella
44%
joueur dont le genoux fut découpé par une joueuse des archis lors d'un match amical boca/ff vs archi féminin antoine boulo
33%
nom de celui ayant ramené le fameux gateau caca coulant a la vente de gateaux du kokollectif car je cite "j'ai pas de four que un micro-onde" milo
33%
décision de l'etat major délivrée a ce dernier suite a ses incessantes perturbations OQTU
33%
Aucun quiz correspondant
Distribution des résultats
% des personnes avec chaque résultat
Percentile par nombre de réponses
Votre historique - résultats
Vous n’avez pas pris ce quiz depuis la dernière actualisation